000 00685nam a2200193 i 4500
001 161390
003 ES-MaACL
005 20250303062547.0
008 961110q1909 sp |||| | spa d
100 1 _aPardo Bazán, Emilia,
_cCondesa de,
_d1851-1921
_9176434
245 1 0 _aSud-exprés
_b: (cuentos actuales) /
_cEmilia Pardo Bazan, Condesa de Pardo Bazan.
260 _aMadrid :
_bAdministración calle de San Bernardo, 37,
_c[1909?] (
_fR. Velasco)
300 _a276 p. ;
_c19 cm.
490 1 _aObras completas ;
_v36
830 0 _aObras completas ;
_v36
_9176447
852 _aES-MaACL
_jB-4110
_z- Enc. hol., conservando cub. original
942 _2udc
999 _c161390
_d161390